Statistics for Bottom 5 National Team In Each Continent

Click here to take the quiz!

General Stats

  • This quiz has been taken 18 times
  • The average score is 16 of 30

Answer Stats

Global RankAnswer% Correct
210San Marino
93%
164Andorra
80%
202Liechtenstein
73%
54Venezuela
73%
85Bolivia
67%
203Gibraltar
67%
56Paraguay
67%
201Tonga
67%
200Bahamas
60%
171Malta
60%
32Peru
60%
197Seychelles
60%
189American Samoa
53%
194Brunei
53%
42Chile
53%
181Samoa
53%
172Vanuatu
53%
207British Virgin Islands
47%
195Pakistan
47%
188São Tomé and Principe
47%
199Somalia
47%
198Timor Leste
47%
208US Virgin Islands
47%
187Cook Islands
40%
205Guam
40%
183Mauritius
40%
204Sri Lanka
40%
192Djibouti
33%
206Turks and Caicos Islands
27%
209Anguila
20%

Score Distribution

Percentile by Number Answered

Percent of People with Each Score

Your Score History

You have not taken this quiz